Statistics for Green Day 'Saviors' Album

Click here to take the quiz!

General Stats

  • This quiz has been taken 60 times
  • The average score is 12 of 15

Answer Stats

Song% Correct
The American Dream is Killing Me
100%
Dilemma
96%
Look Ma, No Brains!
93%
Saviors
93%
Bobby Sox
91%
One Eyed Bastard
91%
1981
87%
Living in the 20's
80%
Corvette Summer
78%
Fancy Sauce
78%
Father to a Son
76%
Goodnight Adeline
69%
Suzie Chapstick
67%
Coma City
62%
Strange Days Are Here To Stay
58%

Score Distribution

Percentile by Number Answered

Percent of People with Each Score

Your Score History

You have not taken this quiz